[Event "Oberliga Ost-A 0304"]
[Site "Germany"]
[Date "2004.02.15"]
[Round "7.1"]
[White "Neidig, Stefan"]
[Black "Jahn, Constanze"]
[Result "1/2-1/2"]
[WhiteElo "2232"]
[BlackElo "2218"]
[PlyCount "24"]
[EventDate "2003.11.02"]
[EventType "team-tourn"]
[EventRounds "11"]
[EventCountry "GER"]
[SourceTitle "EXT 2005"]
[Source "ChessBase"]
[SourceDate "2004.11.15"]
[SourceVersion "1"]
[SourceVersionDate "2004.11.15"]
[SourceQuality "1"]
[WhiteTeam "Liebschwitz"]
[BlackTeam "Halle USV II"]
[WhiteTeamCountry "GER"]
[BlackTeamCountry "GER"]

1. c4 Nf6 2. Nf3 e6 3. d4 Bb4+ 4. Bd2 a5 5. a3 Bxd2+ 6. Nbxd2 d5 7. e3 0-0 8. Be2 c6 9. 0-0 Nbd7 10. Qc2 Re8 11. cxd5 exd5 12. b4 Ne4 1/2-1/2

[Event "Oberliga Ost-A 0304"]
[Site "Germany"]
[Date "2003.11.02"]
[Round "1.1"]
[White "Neidig, Stefan"]
[Black "Malich, Burkhard"]
[Result "1/2-1/2"]
[WhiteElo "2232"]
[BlackElo "2369"]
[PlyCount "40"]
[EventDate "2003.11.02"]
[EventType "team-tourn"]
[EventRounds "11"]
[EventCountry "GER"]
[SourceTitle "EXT 2005"]
[Source "ChessBase"]
[SourceDate "2004.11.15"]
[SourceVersion "1"]
[SourceVersionDate "2004.11.15"]
[SourceQuality "1"]
[WhiteTeam "Liebschwitz"]
[BlackTeam "Naumburg"]
[WhiteTeamCountry "GER"]
[BlackTeamCountry "GER"]

1. d4 d5 2. Nf3 Nf6 3. c4 c6 4. Nbd2 e6 5. e3 Nbd7 6. Bd3 Be7 7. 0-0 0-0 8. Qe2 Re8 9. b3 b6 10. e4 dxe4 11. Nxe4 Bb7 12. Rd1 Qc7 13. Bb2 Rad8 14. Rac1 h6 15. Bb1 c5 16. dxc5 Nxc5 17. Nxf6+ Bxf6 18. Bxf6 gxf6 19. Qe3 Rxd1+ 20. Rxd1 Rd8 1/2-1/2

[Event "Oberliga Ost-A 0203"]
[Site "Germany"]
[Date "2003.03.30"]
[Round "11.5"]
[White "Neidig, Stefan"]
[Black "Goergens, Michael"]
[Result "1-0"]
[WhiteElo "2250"]
[BlackElo "2109"]
[PlyCount "111"]
[EventDate "2002.10.20"]
[EventType "team"]
[EventRounds "11"]
[EventCountry "GER"]
[SourceTitle "EXT 2004"]
[Source "ChessBase"]
[SourceDate "2003.11.25"]
[SourceVersion "1"]
[SourceVersionDate "2003.11.25"]
[SourceQuality "1"]
[WhiteTeam "Liebschwitz"]
[BlackTeam "Magdeburg Aufbau Elbe"]
[WhiteTeamCountry "GER"]
[BlackTeamCountry "GER"]

1. Nf3 g6 2. e4 Bg7 3. d4 d6 4. Bc4 h6 5. 0-0 Nc6 6. c3 e5 7. dxe5 dxe5 8. Be3 Qxd1 9. Rxd1 Nge7 10. Na3 a6 11. Nd2 0-0 12. Nb3 b6 13. f3 Bb7 14. Rd7 b5 15. Be2 Rfc8 16. Nc5 Rab8 17. Nc2 Kf8 18. a4 bxa4 19. Nxb7 Rxb7 20. Bxa6 Rxb2 21. Bxc8 Rxc2 22. Rxc7 Rxc3 23. Bd2 Rc2 24. Be1 Nd4 25. Rxc2 Nxc2 26. Rc1 Nxe1 27. Ba6 Nxf3+ 28. gxf3 f5 29. Ra1 fxe4 30. fxe4 Nc6 31. Rxa4 Nd4 32. Bc4 Bf6 33. Ra7 Bg5 34. Kg2 Bf4 35. Rf7+ Ke8 36. Rf6 Nc2 37. Bb5+ Ke7 38. Rxg6 Ne3+ 39. Kf3 Nc2 40. Kg2 Kf7 41. Rc6 Nd4 42. Bc4+ Kg7 43. Rc7+ Kg6 44. h4 Kf6 45. Kh3 Nc2 46. Kg4 Ne3+ 47. Kh5 Nxc4 48. Rxc4 Be3 49. Rc6+ Kg7 50. Rc7+ Kf6 51. Rh7 Ke6 52. Rxh6+ Bxh6 53. Kxh6 Kf6 54. h5 Kf7 55. Kg5 Kg7 56. Kf5 1-0

[Event "Oberliga Ost-A 0203"]
[Site "Germany"]
[Date "2003.02.09"]
[Round "7.3"]
[White "Neidig, Stefan"]
[Black "Baer, Soeren"]
[Result "1/2-1/2"]
[WhiteElo "2250"]
[BlackElo "2065"]
[PlyCount "61"]
[EventDate "2002.10.20"]
[EventType "team"]
[EventRounds "11"]
[EventCountry "GER"]
[SourceTitle "EXT 2004"]
[Source "ChessBase"]
[SourceDate "2003.11.25"]
[SourceVersion "1"]
[SourceVersionDate "2003.11.25"]
[SourceQuality "1"]
[WhiteTeam "Liebschwitz"]
[BlackTeam "Leipzig Lok II"]
[WhiteTeamCountry "GER"]
[BlackTeamCountry "GER"]

1. Nf3 c5 2. g3 b6 3. Bg2 Bb7 4. 0-0 Nf6 5. b3 e6 6. Bb2 d6 7. d3 Be7 8. Nbd2 Nbd7 9. e4 0-0 10. Qe2 Qc7 11. Ng5 h6 12. Nh3 Nh7 13. f4 Bf6 14. Bxf6 Ndxf6 15. Nf2 Rfe8 16. Nf3 Nd7 17. Qd2 Rad8 18. Rfe1 Ndf8 19. Qc3 Qb8 20. Rad1 d5 21. exd5 Bxd5 22. Ne4 Ng6 23. Re3 Ne7 24. Rde1 Qa8 25. R3e2 Bc6 26. Ne5 Nd5 27. Qd2 Bb7 28. Nc4 Bc6 29. Ne5 Bb7 30. Nc4 Bc6 31. Ne5 1/2-1/2

[Event "Oberliga Ost-A 0203"]
[Site "Germany"]
[Date "2003.01.26"]
[Round "5.4"]
[White "Csulits, Anton"]
[Black "Neidig, Stefan"]
[Result "1/2-1/2"]
[WhiteElo "2308"]
[BlackElo "2250"]
[PlyCount "35"]
[EventDate "2002.10.20"]
[EventType "team"]
[EventRounds "11"]
[EventCountry "GER"]
[SourceTitle "EXT 2004"]
[Source "ChessBase"]
[SourceDate "2003.11.25"]
[SourceVersion "1"]
[SourceVersionDate "2003.11.25"]
[SourceQuality "1"]
[WhiteTeam "Halle USV"]
[BlackTeam "Liebschwitz"]
[WhiteTeamCountry "GER"]
[BlackTeamCountry "GER"]

1. d4 Nf6 2. Nf3 d5 3. g3 c6 4. Bg2 Bf5 5. 0-0 h6 6. c4 e6 7. Qb3 Qb6 8. c5 Qxb3 9. axb3 Bxb1 10. Rxb1 Nbd7 11. b4 a6 12. Bf4 g5 13. Be5 Nxe5 14. Nxe5 Nd7 15. f4 f5 16. Nxd7 Kxd7 17. e3 Be7 18. Kf2 1/2-1/2